Normal view MARC view
  • Griego

Entry Materia

Number of records used in: 10

001 - NÚMERO DE CONTROL DEL REGISTRO

  • campo de control: 20460

003 - IDENTIFICADOR DE NUMERO DE CONTROL

  • campo de control: MX-MxUPN

005 - FECHA Y HORA DE LA ÚLTIMA TRANSACCIÓN

  • campo de control: 20240816133911.0

008 - DATOS DE LONGITUD FIJA

  • campo de control de longitud fija: 240816n||acnnnbabn n ana |d

035 ## - NÚMERO DE CONTROL DEL SISTEMA

  • Número de control del sistema: UPN10000020469

040 ## - FUENTE DE LA CATALOGACIÓN

  • Lengua de catalogación: spa
  • Agencia de transcripción: MX-MxUPN
  • Centro catalogador de origen: MX-MxUPN

150 ## - ENCABEZAMIENTO - TEMÁTICO

  • Término de materia o nombre geográfico como elemento inicial: Griego
  • Subdivisión de materia general: Etimologías

670 ## - FUENTE EN LA QUE SE LOCALIZARON DATOS

  • Cita de la fuente: Autoridad BGTQ, 16 agosto 2024 :
  • Información localizada: (Griego -- Etimologías)

902 ## - CATALOGADOR

  • Catalogador: BEC/290796
  • Catalogador: MaríaRobles/160824